000 00691nam a2200205 a 4500
001 000017057
003 OSt
005 20201029150341.0
008 100316s1944 dr r 000 0 spa d
040 _aDO-SdBNP
_bspa
_cBNPHU
082 4 _aR 610.25
_bD598m
_222
245 0 0 _aDirectorio médico dominicano presentado por el Congreso Médico Dominicano del Centenario /
_ccompilador L. T.Thomen.
260 _aCiudad Trujillo :
_b[s.n.],
_c1944.
300 _a230 p. ;
_c21 cm.
590 _aInventariado, 2018/BT
650 4 _aMédicos
_zRepública Dominicana
_vDirectorios
_937632
700 1 _aThomen, L. T.,
_ecomp.
_937633
910 _aValidado. Control de calidad MFF
942 _2ddc
_cLBS1
999 _c16583
_d16583